000 00717nam a2200229Ia 4500
003 OSt
005 20220923230202.0
006 a|||||r|||| 00| 0
007 ta
008 220922b |||||||| |||| 00| 0 pan d
024 _a278,161
037 _cTextual
040 _aARTS
_cARTS
_bpan
041 _2pan
_apan
082 _aQ8441:2v, 153K9
100 _aਸਿੰਘ, ਕਿਰਪਾਲ
_9156291
245 0 _aਜਨਮ ਸਾਖੀ ਪਰੰਪਰਾ
_b ਇਤਿਹਾਸਕ ਦ੍ਰਿFਟੀਕੋਣ ਤੋ੍ਵ
260 _c1969
650 _aਪੰਜਾਬੀ ਸਾਹਿਤ
942 _hQ8441:2v, 153K9
_cTEXL
_2CC
999 _c383118
_d383118